=LDR 00000nam 2200000 4500 =001 INLIS000000000058237 =990 ##$$a 3202100844 =990 ##$$a 3202100844 =005 20210907105946 =990 ##$$a 3202100824 =990 ##$$a 3202100824 =035 ##$$a 0010-0921000041 =007 ta =008 210907###########################0#ind## =020 ##$$a 979-731-424-3 =082 ##$$a 005 =084 ##$$a 005 Raf e =245 1#$$a e-News Publishing : $b Panduan bagi Webmaster Cyber Media /$c Rahmat Rafiudin =250 ##$$a Cet.1 =300 ##$$a xviii, 226 halaman : $b Ilustrasi ; $c 24 cm =650 #4$$a Panduan-Komputer =264 ##$$a Yogyakarta :$b Andi,$c 2004 =336 ##$$a teks$2 rdacontent =337 ##$$a lain-lain$2 rdamedia =338 ##$$a lain-lain$2 rdacarrier =990 ##$$a 08240824 =990 ##$$a 08440844